| 000 | 00000nam##2200000za#4500 |
| 001 | 9.648061 |
| 003 | CaOODSP |
| 005 | 20210615112927 |
| 007 | ta |
| 008 | 150407|2001||||xxc||||| f|0| 0 eng|d |
| 020 | |a0-662-30036-X |
| 040 | |aCaOODSP|beng |
| 043 | |an-cn--- |
| 086 | 1 |aE94-309/2001E |
| 110 | 1 |aCanada.|bCanadian International Development Agency. |
| 245 | 10|aCanada and development cooperation in the Americas : |bphotos from the family album |
| 260 | |aOttawa - Ontario : |bCanadian International Development Agency |c2001. |
| 300 | |a12p. : |bcoloured illus. ; |c28 cm. |
| 563 | |aSoftcover |
| 590 | |a01-16|b2001-04-20 |
| 690 | 07|aEconomic conditions|2gcpds |
| 690 | 07|aEconomic development|2gcpds |
| 690 | 07|aHuman rights|2gcpds |
| 775 | 08|tLe Canada et la coopération dans les Amériques : |w(CaOODSP)9.681440 |
| 776 | 0#|tCanada and development cooperation in the Americas : |w(CaOODSP)9.695780 |